Code of measuring practice (Record no. 107325)
[ view plain ]
| 000 -LEADER | |
|---|---|
| fixed length control field | 01732cam a22003135a 4500 |
| 001 - CONTROL NUMBER | |
| control field | L139644 |
| 008 - FIXED-LENGTH DATA ELEMENTS--GENERAL INFORMATION | |
| fixed length control field | 070802e20070801xxkae f fu 000 0 eng d |
| 020 ## - INTERNATIONAL STANDARD BOOK NUMBER | |
| International Standard Book Number | 9781842193327 |
| 035 ## - SYSTEM CONTROL NUMBER | |
| System control number | (Sirsi) u139644 |
| 041 0# - LANGUAGE CODE | |
| Language code of text/sound track or separate title | eng |
| 050 04 - LIBRARY OF CONGRESS CALL NUMBER | |
| Classification number | 692.3 $2 18 |
| 110 2# - MAIN ENTRY--CORPORATE NAME | |
| Corporate name or jurisdiction name as entry element | Royal Institution of Chartered Surveyors |
| Subordinate unit | Property Measurement Group |
| 9 (RLIN) | 4172 |
| 245 00 - TITLE STATEMENT | |
| Title | Code of measuring practice |
| Medium | [electronic resource] |
| 250 ## - EDITION STATEMENT | |
| Edition statement | 6th ed. |
| 260 ## - PUBLICATION, DISTRIBUTION, ETC. | |
| Place of publication, distribution, etc. | London |
| Name of publisher, distributor, etc. | RICS |
| Date of publication, distribution, etc. | 2007 |
| 490 #0 - SERIES STATEMENT | |
| Series statement | RICS Guidance Note |
| 520 ## - SUMMARY, ETC. | |
| Summary, etc. | Superseded by RICS property measurement, 1st edition, 18 May 2015 (ISBN 9781783211081). |
| 520 ## - SUMMARY, ETC. | |
| Summary, etc. | Provides succinct, precise definitions to permit the accurate measurement of buildings and land, the calculation of the sizes and the description or specification of land and buildings. Widely accepted as the industry standard, the Code enables measurement to be undertaken in a common and consistent fashion. For each definition, it provides a clear explanation and details of its scope. It offers practical advice on which definition is applicable in particular circumstances. It also makes suggestions for good practice. Includes fully updated illustrations as examples for each definition. |
| 520 ## - SUMMARY, ETC. | |
| Summary, etc. | Effective 1 September 2007. Supersedes fifth edition (ISBN 1842190601). |
| 520 ## - SUMMARY, ETC. | |
| Summary, etc. | ARCHIVED 23 DECEMBER 2016 |
| 650 24 - SUBJECT ADDED ENTRY--TOPICAL TERM | |
| Topical term or geographic name entry element | RICS CODE OF MEASURING PRACTICE |
| 650 24 - SUBJECT ADDED ENTRY--TOPICAL TERM | |
| Topical term or geographic name entry element | GROSS EXTERNAL AREA |
| 650 24 - SUBJECT ADDED ENTRY--TOPICAL TERM | |
| Topical term or geographic name entry element | GROSS INTERNAL AREA |
| 650 24 - SUBJECT ADDED ENTRY--TOPICAL TERM | |
| Topical term or geographic name entry element | NET INTERNAL AREA |
| 651 #4 - SUBJECT ADDED ENTRY--GEOGRAPHIC NAME | |
| Geographic name | United Kingdom |
| 690 ## - LOCAL SUBJECT ADDED ENTRY--TOPICAL TERM (OCLC, RLIN) | |
| Topical term or geographic name as entry element | PROPERTY-PROPERTY APPRAISAL AND VALUATION |
| 856 41 - ELECTRONIC LOCATION AND ACCESS | |
| Uniform Resource Identifier | <a href="https://www.isurv.com/downloads/download/141/code_of_measuring_practice">https://www.isurv.com/downloads/download/141/code_of_measuring_practice</a> |
| Public note | Archived on isurv (subscription required) |
| 942 ## - ADDED ENTRY ELEMENTS (KOHA) | |
| Suppress in OPAC | 0 |
| Source of classification or shelving scheme | Dewey Decimal Classification |
| Withdrawn status | Lost status | Source of classification or shelving scheme | Damaged status | Not for loan | Home library | Current library | Shelving location | Date acquired | Total Checkouts | Full call number | Date last seen | Copy number | Price effective from | Koha item type | Public note | Barcode | Date last checked out |
|---|---|---|---|---|---|---|---|---|---|---|---|---|---|---|---|---|---|
| Dewey Decimal Classification | London | London | RICS Boxes | 07/09/2007 | RICS 2007/40 | 06/08/2019 | 1 | 06/08/2019 | Reference material | 30074212 | |||||||
| Dewey Decimal Classification | London | London | RICS Boxes | 20/05/2009 | RICS 2007/40 | 06/08/2019 | 4 | 06/08/2019 | Archive | 30074216 | |||||||
| Dewey Decimal Classification | London | London | Books | 06/03/2008 | 9 | RICS 2007/40 | 06/08/2019 | 5 | 06/08/2019 | Book | 30072664 | 28/07/2010 | |||||
| Dewey Decimal Classification | Virtual | Virtual | Online | 02/08/2007 | isurv | 06/08/2019 | 1 | 06/08/2019 | Online material | Archived on isurv (subscription required) |